UM Logo

Forensic photography / (Record no. 22721)

MARC details
000 -LEADER
fixed length control field 00620nam a22001817a 4500
005 - DATE AND TIME OF LATEST TRANSACTION
control field 20241115104418.0
008 - FIXED-LENGTH DATA ELEMENTS--GENERAL INFORMATION
fixed length control field 241021b |||||||| |||| 00| 0 eng d
020 ## - INTERNATIONAL STANDARD BOOK NUMBER
International Standard Book Number 9786214183371
082 ## - DEWEY DECIMAL CLASSIFICATION NUMBER
Classification number DFil 363.25 T12 2024
100 ## - MAIN ENTRY--PERSONAL NAME
Personal name Tad-awan, Filibert Patrick F.
9 (RLIN) 62364
245 ## - TITLE STATEMENT
Title Forensic photography /
Statement of responsibility, etc. Filibert Patrick F. Tad-awan.
260 ## - PUBLICATION, DISTRIBUTION, ETC. (IMPRINT)
Place of publication, distribution, etc. Quezon City :
Name of publisher, distributor, etc. Wiseman's Books Trading, Inc.,
Date of publication, distribution, etc. ©2024.
300 ## - PHYSICAL DESCRIPTION
Extent iii, 166 pages :
Other physical details illustrations ;
Dimensions 23 cm.
500 ## - GENERAL NOTE
General note Includes references.
650 #0 - SUBJECT ADDED ENTRY--TOPICAL TERM
Topical term or geographic name as entry element Legal photography.
9 (RLIN) 64152
650 #0 - SUBJECT ADDED ENTRY--TOPICAL TERM
Topical term or geographic name as entry element Photography
General subdivision Digital techniques.
9 (RLIN) 64153
942 ## - ADDED ENTRY ELEMENTS (KOHA)
Source of classification or shelving scheme Dewey Decimal Classification
Koha item type Filipiniana
Holdings
Withdrawn status Lost status Source of classification or shelving scheme Damaged status Not for loan Collection code Home library Current library Date acquired Source of acquisition Cost, normal purchase price Total Checkouts Full call number Barcode Date last seen Copy number Price effective from Koha item type
    Dewey Decimal Classification     Filipiniana UM Digos College - LIC UM Digos College - LIC 08/20/2024 Purchased 398.00   DFil 363.25 T12 2024 28424 05/15/2025 1 10/21/2024 Filipiniana
    Dewey Decimal Classification     Filipiniana UM Digos College - LIC UM Digos College - LIC 08/20/2024 Purchased 398.00   DFil 363.25 T12 2024 28425 05/15/2025 2 10/21/2024 Filipiniana